السوق الإسلامية المشتركة : (رقم التسجيلة. 8981)

تفاصيل مارك
000 -LEADER
fixed length control field 00717nam a22001817a 4500
005 - DATE AND TIME OF LATEST TRANSACTION
control field 20251108164317.0
008 - FIXED-LENGTH DATA ELEMENTS--GENERAL INFORMATION
fixed length control field 250721s1975 xx 000 0 ara d
082 14 - DEWEY DECIMAL CLASSIFICATION NUMBER
Classification number 382.9156/محم
100 1# - MAIN ENTRY--PERSONAL NAME
Personal name بابللي، محمود محمد
245 10 - TITLE STATEMENT
Title السوق الإسلامية المشتركة :
Remainder of title مؤيدات و وسائل تنمية و زيادة حجم التبادل التجاري بين الدول الإسلامية /
264 1# - PRODUCTION, PUBLICATION, DISTRIBUTION, MANUFACTURE, AND COPYRIGHT NOTICE
Place of production, publication, distribution, manufacture بيروت :
Name of producer, publisher, distributor, manufacturer دار الكتاب اللبناني،
Date of production, publication, distribution, manufacture, or copyright notice 1975.
300 ## - PHYSICAL DESCRIPTION
Extent 220ص : مص
650 17 - SUBJECT ADDED ENTRY--TOPICAL TERM
Topical term or geographic name as entry element السياسة التجارية
650 17 - SUBJECT ADDED ENTRY--TOPICAL TERM
Topical term or geographic name as entry element البلدان الإسلامية
650 17 - SUBJECT ADDED ENTRY--TOPICAL TERM
Topical term or geographic name as entry element الإتفاقيات التجارية
942 ## - ADDED ENTRY ELEMENTS (KOHA)
Source of classification or shelving scheme Dewey Decimal Classification
Koha item type كتب
المقتنيات
حالة السحب حالة الفقدان مصدر التصنيف حالة التلف غير قابل للإعارة المكتبة الرئيسية المكتبة الحالية موقع الرف تاريخ التزويد الرقم المتسلسل Total Checkouts رقم الإستدعاء تاريخ آخر ظهور تاريخ الفاتورة نوع المادة (كوها) الباركود
    Dewey Decimal Classification     مكتبة حمزة العامة مكتبة حمزة العامة الإعارة 04/02/2016 [1640]....   382.9156/محم 28/07/2025 04/02/2016 كتب PLD00371500
    Dewey Decimal Classification Unchecked   مكتبة وادي السير العامة مكتبة وادي السير العامة الإعارة 12/07/2004 2792   382.9156/محم 28/07/2025 12/07/2004 كتب  
Implemented & Customized by: BBB with SCIT (Smart Chains for Information Technology)

Powered by Koha